200 suosituinta naisten nimeä alkukirjaimella K - Statistics

Yleistilastot
  • Tätä visaa on pelattu 560 kertaa
  • Keskiarvotulos 80 / 200
Vastaustilastot
nimi % Oikein
Ka
100%
Kai
98%
Kay
98%
Kaisa
93%
Kajsa
93%
Kadri
91%
Katri
91%
Kaia
90%
Kaija
90%
Kaja
90%
Kaya
90%
Kiira
88%
Kira
88%
Kyra
88%
Kaarin
87%
Karin
87%
Kirsi
87%
Kadi
86%
Katariina
86%
Katarina
86%
Katarzyna
86%
Kateriina
86%
Katerina
86%
Kateryna
86%
Katharina
86%
Kathy
86%
Kati
86%
Katie
86%
Katy
86%
Kaari
85%
Kata
85%
Kia
85%
Kiia
85%
Kristi
85%
Kristiina
85%
Kristina
85%
Kristy
85%
Krisztina
85%
Krystyna
85%
Kerttu
83%
Kertu
83%
Kaarina
82%
Kadija
82%
Katia
82%
Katja
82%
Katya
82%
Kirsti
81%
Katriina
80%
Katrina
80%
Kaisu
75%
Krista
75%
Karo
71%
Kaisla
70%
Karoliina
69%
Karolina
69%
Kukka
69%
Kylie
62%
Kaino
60%
Kylli
60%
Kyllikki
60%
Karita
59%
Kersti
59%
Kukkamaaria
59%
Kielo
57%
Kikka
57%
Kami
53%
Kerstin
53%
Kamila
51%
Kamilla
51%
Kariina
51%
Karina
51%
Kerttuli
50%
Kristen
50%
Kristin
50%
Kristine
50%
Kate
49%
Käthe
49%
Kim
47%
Kathrin
46%
Kathryn
46%
Katrin
46%
Katrine
46%
Kirsikka
43%
Klaara
43%
Klara
43%
Kirsimaria
42%
Kirsimarja
42%
Kreeta
41%
Kreetta
41%
Kreta
41%
Kuu
41%
Kastehelmi
40%
Kaisamari
39%
Katju
39%
Kaila
38%
Kayla
38%
Kaijaleena
36%
Karla
35%
Katri-Helena
35%
Kiti
35%
Kaisamaria
34%
Katarine
33%
Katharine
33%
Katherine
33%
Kara
31%
Keiju
31%
Kuura
31%
Kea
29%
Karolin
27%
Karoline
27%
Kaisaleena
26%
Kastanja
26%
Kristel
26%
Ksenia
26%
Kseniia
26%
Ksenija
26%
Kseniya
26%
Ksenja
26%
Keira
24%
Kaiju
23%
Kanerva
22%
Karen
21%
Keren
21%
Kiara
20%
Katinka
19%
Kelly
19%
Karola
18%
Karmen
17%
Katalin
17%
Kathleen
17%
Kätlin
17%
Kiki
17%
Karine
16%
Kiana
16%
Kianna
16%
Kaili
15%
Kalla
15%
Kitti
15%
Kitty
15%
Klaudia
15%
Karma
14%
Kiisa
14%
Krisse
14%
Kaneli
13%
Kitta
13%
Kajo
12%
Kimberly
12%
Kevät
11%
Kirsten
11%
Katjaana
10%
Kirta
10%
Karelia
9%
Kaarna
7%
Klarissa
7%
Kairi
6%
Karima
6%
Kide
6%
Kaika
5%
Kasandra
5%
Kassandra
5%
Kaisi
4%
Kaitlin
4%
Kaitlyn
4%
Kendra
4%
Kaiho
3%
Kaire
3%
Keesia
3%
Kesia
3%
Kitte
3%
Kiuru
3%
Kaisli
1%
Katrianna
1%
Kerli
1%
Khadija
1%
Khadijah
1%
Khadijo
1%
Kida
1%
Kirke
1%
Klea
1%
Konstantina
1%
Kalpana
0%
Kaltrina
0%
Kanjana
0%
Kanokwan
0%
Kausar
0%
Kawsar
0%
Kawthar
0%
Kenza
0%
Khadra
0%
Khadro
0%
Khalida
0%
Khanh
0%
Khawla
0%
Kimete
0%
Kinga
0%
Kobra
0%
Kosovare
0%
Kowsar
0%
Krenare
0%
Kübra
0%
Ehtoja vastaavia visoja ei löytynyt
Tulosjakauma
Jokaisen tuloksen saaneiden osuus
Persentiili vastausten määrän mukaan
Tuloshistoriasi
Et ole pelannut tätä visaa